000 00318nam a22001217a 4500
008 230620b xxu||||| |||| 00| 0 eng d
082 _a324.6
_bSAD
100 _cSADC
245 _aSADC PARLIAMENTARY FORUM
_bElection Observation Mission Namibia 1999
260 _aNamibia
_bSADC
_c1999
300 _a56P
942 _2ddc
_cBK
999 _c1743
_d1743